Inglês para português - Statistics

Estatísticas Gerais
  • Esse quiz foi jogado 299 vezes
  • A pontuação média é 7 de 15
Estatísticas das Respostas
Hint Resposta % Correto
Stay Fica
82%
Yellow Amarelo
81%
Memories Memórias
81%
Photograhph Fotografia
78%
Paradise Paraíso
75%
Viva la vida Viva a vida
74%
A Thousand Years Mil Anos
55%
Perfect Perfeita
55%
I'm yours Sou seu
40%
Easy On Me Fácil para mim
21%
Take Me To Church Leva-me para a igreja
17%
When You're Gone Quando você se for
15%
All of me Tudo em mim
13%
Try Exprimenta
0%
Unstoppable Incontrolável
0%
Nenhum quiz correspondente encontrado
Distribuição das Pontuações
Porcentagem de Pessoas com Cada Pontuação
Percentil de Números Respondidos
Sua Pontuação Histórica
Você não jogou esse quiz